Normale Ansicht MARC-Ansicht ISBD

Mit der Pistole im Rücken. (Titelsatznr. 372115)

[ MARC ]
MARC-Details
000 -Satzkennung
Kontrollfeld mit fester Länge 00756nam a22001817a 4500
008 - Feld mit fester Länge zur physischen Beschreibung - Allgemeine Angaben
Kontrollfeld mit fester Länge 201127b ||||| |||| 00| 0 eng d
040 ## - Katalogisierungsquelle
Original-Katalogisierungsstelle DE-2950
Katalogisierungssprache ger
Übertragungsstelle DE-2950
Beschreibungsfestlegungen rda
041 ## - Sprachcode
Sprachcode des Textes/der Tonspur oder des separaten Titels ger
245 ## - Titel
Haupttitel Mit der Pistole im Rücken.
Titelzusatz DDR-Zwangsarbeit. Im Arbeits- und Erziehungslager Rüdersdorf sollten Jugendliche in den 1960er Jahren mit Gewalt "umerzogen" werden /
Verantwortlichkeitsangabe Christina Flöhr
264 ## - Veröffentlichungsangabe, Vertriebsangabe, Herstellungsangabe
Erscheinungs-, Vertriebs-, Herstellungsdatum 2023
653 ## - Lokales Schlagwort
Nicht-normierter Term Rüdersdorf bei Berlin
653 ## - Lokales Schlagwort
Nicht-normierter Term Arbeits- und Erziehungslager für Jugendliche
773 ## - Übergeordnete Einheit
Ort, Verlag und Erscheinungsjahr Frankfurt (Oder) Märkisches Verlags- und Druckhaus GmbH & Co KG
Titel Märkische Oderzeitung
Verknüpfungsangaben 34. Jahrgang (2023) Nr. 9 vom 11.01.2023, S. 20: mit Foto
942 ## - Zusätzliche Felder (Koha)
Koha-Medientyp Aufsätze
Exemplare
Ausgeschieden Verloren Beschädigt Nicht entleihbar Permanenter Standort Aktueller Standort Aufstellungsort Eingabedatum Anzahl Ausleihen Signatur Letzte Aktivität Preis gültig von Medientyp
        Stadtarchiv Frankfurt (Oder) | Archivbibliothek Stadtarchiv Frankfurt (Oder) | Archivbibliothek Magazin 13/01/2023   Z2 13/01/2023 13/01/2023 Aufsätze